Comentarios a la reforma de la Constitucin̤ de la Provincia de Buenos Aires

Detalles Bibliográficos
Autor principal: Scotti, Edgardo Augusto
Formato: eBook
Lenguaje:español
Publicado: La Plata : Editorial Scotti Libros, 1995
Materias:
Acceso en línea:http://www.vlex.com/source/6745

MARC

LEADER 00000nam a22000007a 4500
005 20130215154058.0
007 cr|||| ||||
008 130215e1995 ag |||||s|||| 00| 0 spa d
020 |a 9879998855 
035 |a 6745 
040 |a vLex 
090 |c 3668  |d 3668 
100 1 0 |a Scotti, Edgardo Augusto 
245 1 0 |a Comentarios a la reforma de la Constitucin̤ de la Provincia de Buenos Aires  |h [Recurso electrn̤ico]  
256 |a Servicio en ln̕ea 
260 |a La Plata :  |b Editorial Scotti Libros,   |c 1995  
300 |a 1 Recurso electrn̤ico 
650 0 4 |a Derecho constitucional  |z Argentina 
740 |a vLex Libros (Servicio en ln̕ea) 
856 |a Acceso restringido  |u http://www.vlex.com/source/6745 
942 |c BOOK 
999 0 |a Constitutional law